01574nam a2200373 a 4500001001000000003000500010005001700015008004100032010001100073011001100084040000900095090001000104100004800114245018400162260004100346500006000387502008400447590004100531590004100572590004000613590004000653590004000693590004000733590004000773590004000813650003700853650006700890856007000957901000701027942001001034942000601044999001901050952013101069000115069CHAP20220329144513.0180924s2018 mx a sm |||||||spa d a111530 a112502 cCHAP aTesis1 aLázaro Flores, Violeta Alejandra.913588310aEvaluación de las respuestas embriogéneticas en Cycas revoluta Thunb., a partir de cultivo de callos obtenidos in vitro /h[En línea]cpor Violeta Alejandra Lázaro Flores. aChapingo, Méx. :bEl autor,c2018. aPara ver el contenido del material haga clic en la liga aTesis (M. C. en Biotecnología Agrícola) -- UACH. Departamento de Fitotecnia aBATCH-UPDb10c20190603lUCH01h1253 aE11695DGDb10c20190603lUCH01h1252 aE8697GMMb05c20180924lUCH01h1401 aE8697GMMb05c20180924lUCH01h1403 aE8697GMMb05c20180924lUCH01h1450 aE8697GMMb05c20180924lUCH01h1451 aE8697GMMb05c20181130lUCH01h1047 aE8697GMMb05c20190515lUCH01h154814aPropagación de plantas.99241714aReguladores de crecimiento de las plantasxAnálisis.9131429 aFinding aiduhttp://10.13.5.2/tesis/sist115069.pdfzTeclea aquí aBK cTESIS n0 c111530d111530 00104054718TESISaBCbBCd2018-09-24fTESISl0oTesisp115078-10r2019-12-31 00:00:00w2019-12-31yTESISzRecien adquirido